[Event "Heusenstamm Schloss op"]
[Site "Heusenstamm"]
[Date "2023.11.24"]
[Round "2"]
[White "Baumgartl, Guenther"]
[Black "Bahlo, Jens"]
[Result "1-0"]
[WhiteElo "2040"]
[BlackElo "1795"]
[PlyCount "51"]
[EventDate "2023.11.23"]
[EventType "swiss"]
[EventRounds "7"]
[EventCountry "GER"]
[SourceTitle "CB50_2023"]
[SourceDate "2023.12.13"]
[SourceVersion "1"]
[SourceVersionDate "2023.12.13"]
[SourceQuality "1"]

1. e4 Nc6 2. d4 d5 3. Nc3 Nf6 4. e5 Nd7 5. Nxd5 Ndb8 6. Ne3 Qxd4 7. Qxd4 Nxd4 8. c3 Nf5 9. Bd3 Nxe3 10. Bxe3 Nc6 11. f4 g5 12. g3 gxf4 13. gxf4 Bg4 14. Be4 Bh6 15. Kf2 0-0 16. Ne2 Kh8 17. Rhg1 Rg8 18. Ng3 e6 19. h3 Nxe5 20. fxe5 Bxe3+ 21. Kxe3 Bxh3 22. Nh5 Bf5 23. Bxf5 exf5 24. Nf6 Rg6 25. Rad1 Kg7 26. Kf4 1-0

[Event "Rhein Main op-B 25th"]
[Site "Bad Homburg"]
[Date "2023.06.08"]
[Round "2"]
[White "Bahlo, Jens"]
[Black "Edwards, Benedict"]
[Result "0-1"]
[WhiteElo "1828"]
[BlackElo "1609"]
[PlyCount "50"]
[EventDate "2023.06.07"]
[EventType "swiss"]
[EventRounds "7"]
[EventCountry "GER"]
[SourceTitle "CBM 215 Extra"]
[Source "ChessBase"]
[SourceDate "2023.09.30"]
[SourceVersion "1"]
[SourceVersionDate "2023.09.30"]
[SourceQuality "1"]

1. e4 c5 2. d3 Nc6 3. f4 g6 4. Nf3 e6 5. Be2 Bg7 6. c3 Nge7 7. Be3 b6 8. 0-0 0-0 9. d4 cxd4 10. cxd4 d5 11. e5 Nf5 12. Bf2 Qe7 13. a3 Bd7 14. Nbd2 Rac8 15. b4 Qe8 16. Bd3 Nfe7 17. Bh4 Bh6 18. g3 Nf5 19. Bxf5 exf5 20. Qb3 Be6 21. Rf2 Nb8 22. b5 Rc7 23. Nf1 Qd7 24. Ne3 Rfc8 25. Raa2 Rc3 0-1

[Event "Heusenstamm Schloss op"]
[Site "Heusenstamm"]
[Date "2022.11.17"]
[Round "1"]
[White "Gahan, MG."]
[Black "Bahlo, Jens"]
[Result "1-0"]
[WhiteElo "2228"]
[BlackElo "1898"]
[PlyCount "93"]
[EventDate "2022.11.17"]
[EventType "swiss"]
[EventRounds "7"]
[EventCountry "GER"]
[SourceTitle "CBM 212 Extra"]
[Source "ChessBase"]
[SourceDate "2023.03.31"]
[SourceVersion "1"]
[SourceVersionDate "2023.03.31"]
[SourceQuality "1"]

1. e4 c5 2. c3 d5 3. exd5 Nf6 4. Bb5+ Nbd7 5. d4 Qb6 6. Bc4 cxd4 7. Nf3 Qc7 8. Qxd4 Nb6 9. Bb3 g6 10. Bf4 Qd8 11. d6 Bg7 12. dxe7 Qxe7+ 13. Qe5 Bg4 14. Qxe7+ Kxe7 15. Nbd2 Nfd5 16. Bg5+ f6 17. Bh4 Rhe8 18. 0-0 Nf4 19. Rfe1+ Kf8 20. h3 Be6 21. Bxe6 Rxe6 22. Rxe6 Nxe6 23. a4 Rc8 24. a5 Nc4 25. Nxc4 Rxc4 26. Bg3 a6 27. Ra3 Ke8 28. Rb3 Nd8 29. Nd2 Ra4 30. Bc7 h5 31. Nf3 Bh6 32. Nd4 Nc6 33. Nxc6 bxc6 34. Rb7 Bc1 35. Kf1 Re4 36. Bd6 Bd2 37. g3 Re1+ 38. Kg2 Ra1 39. Bc7 Rb1 40. Kf3 Bc1 41. b3 Bd2 42. c4 c5 43. Ke4 Bb4 44. Kd5 Rxb3 45. Ke6 Kf8 46. Bd6+ Kg8 47. Bxc5 1-0

[Event "Hessenliga 1921"]
[Site "Hessen"]
[Date "2019.11.10"]
[Round "3.7"]
[White "Hagner, Bennet"]
[Black "Bahlo, Jens"]
[Result "1/2-1/2"]
[WhiteElo "1859"]
[BlackElo "1906"]
[PlyCount "48"]
[EventDate "2019.09.22"]
[EventType "team-tourn"]
[EventRounds "9"]
[EventCountry "GER"]
[SourceTitle "EXT 2024"]
[Source "ChessBase"]
[SourceDate "2023.10.10"]
[SourceVersion "1"]
[SourceVersionDate "2023.10.10"]
[SourceQuality "1"]
[WhiteTeam "Frankfurt TV"]
[BlackTeam "Giessen"]
[WhiteTeamCountry "GER"]
[BlackTeamCountry "GER"]

1. e4 Nc6 2. d4 d5 3. exd5 Qxd5 4. Nf3 e5 5. dxe5 Qxd1+ 6. Kxd1 Bg4 7. Bf4 0-0-0+ 8. Nbd2 Nge7 9. Be2 Ng6 10. Bg5 Be7 11. Bxe7 Ngxe7 12. Re1 Ng6 13. c3 Bf5 14. Bb5 Bd3 15. Bxd3 Rxd3 16. Kc2 Rhd8 17. Rad1 R3d5 18. Nc4 Rxd1 19. Rxd1 Rxd1 20. Kxd1 Kd7 21. Kd2 Ke6 22. Ke3 Kd5 23. b3 Ngxe5 24. Nfxe5 Nxe5 1/2-1/2

[Event "Kiel op 31st"]
[Site "Kiel"]
[Date "2018.08.02"]
[Round "8"]
[White "Lubenow, Olaf"]
[Black "Bahlo, Jens"]
[Result "1-0"]
[WhiteElo "1794"]
[BlackElo "1973"]
[PlyCount "70"]
[EventDate "2018.07.28"]
[EventType "swiss"]
[EventRounds "9"]
[EventCountry "GER"]
[SourceTitle "CBM 185 Extra"]
[Source "ChessBase"]
[SourceDate "2018.07.29"]
[SourceVersion "1"]
[SourceVersionDate "2018.07.29"]
[SourceQuality "1"]

1. e4 Nc6 2. Nc3 Nf6 3. g3 d5 4. exd5 Nxd5 5. Bg2 Be6 6. Nh3 Qd7 7. Ng5 Nxc3 8. bxc3 Bd5 9. f3 e6 10. Qe2 Na5 11. 0-0 Bc5+ 12. Kh1 h6 13. Ne4 Be7 14. Rb1 a6 15. d3 b5 16. Nf2 c5 17. Bd2 c4 18. Nh3 0-0 19. Nf4 Bb7 20. Rbd1 Qc6 21. Nh5 Kh7 22. d4 g6 23. Nf4 Rfe8 24. Nh3 Bf6 25. Qe3 Bg7 26. Qf4 Re7 27. Qh4 Rae8 28. Ng5+ Kg8 29. Ne4 e5 30. Bxh6 exd4 31. Bxg7 Kxg7 32. cxd4 f5 33. d5 Qb6 34. d6 Re6 35. Ng5 Rxd6 1-0